| 000 | 00516nam a2200181Ia 4500 | ||
|---|---|---|---|
| 005 | 20250326143121.0 | ||
| 008 | 250326s9999 xx 000 0 und d | ||
| 037 | _aTextbook | ||
| 040 |
_aFMSL _beng _cFMSL |
||
| 041 |
_aeng _2eng |
||
| 084 |
_aX:9.45 M0 _qFMSL |
||
| 100 |
_aJohnson G C _9747154 |
||
| 245 | 0 |
_aHigh-level manpower in Iran: from hidden conflict to crisis _cJohnson G C |
|
| 260 |
_aUSA _bUSA, Praeger _c1990 |
||
| 300 | _a121p | ||
| 942 |
_cTB _hX:9.45 M0 |
||
| 999 |
_c1298171 _d1298171 |
||